Associe villes et pays (Click moyen) - Statistiques

Statistiques générales
  • Ce quiz a été pris 190 fois
  • Le résultat moyen est 19 sur 20
Statistiques - réponses
Hint Réponse % Correct
Barcelone Espagne
97%
Naples Italie
97%
Liverpool Royaume-Uni
97%
Munich Allemagne
96%
Milan Italie
96%
Venise Italie
96%
Turin Italie
95%
Amsterdam Pays-Bas
95%
Hambourg Allemagne
93%
Malaga Espagne
93%
Séville Espagne
93%
Saint-Pétersbourg Russie
93%
Vienne Autriche
92%
Oslo Norvège
91%
Varsovie Pologne
91%
Lausanne Suisse
90%
Helsinki Finlande
88%
Cologne Allemagne
87%
Edimbourg Royaume-Uni
86%
Zurich Suisse
83%
Aucun quiz correspondant
Distribution des résultats
% des personnes avec chaque résultat
Percentile par nombre de réponses
Votre historique - résultats
Vous n’avez pas pris ce quiz